| 000 | 00566nam a22002177a 4500 | ||
|---|---|---|---|
| 003 | OSt | ||
| 005 | 20140310181931.0 | ||
| 008 | 121123t xxu||||| |||| 00| 0 eng d | ||
| 020 | _a0140620451 | ||
| 050 |
_aPS 1408 _b.C776 1994 |
||
| 082 |
_aCLA C78l _b1994 |
||
| 100 |
_aCooper, James Fenimore _92824 |
||
| 245 |
_aThe last of the Mohicans/ _cJames Fenimore Cooper |
||
| 260 |
_aLondon : _bPenguin Books, Ltd, _c1994. |
||
| 300 |
_a415 p. _c18 cm. |
||
| 521 | _a | ||
| 541 | _j1 | ||
| 562 | _e1 | ||
| 650 |
_aClassics _92808 |
||
| 942 |
_2lcc _cBBK _kCLA |
||
| 999 |
_c7397 _d7397 |
||